00384nam a22001337a 4500003000900000005001700009008003500026040002200061082001700083100001900100245005200119260005100171300002800222DO-SdBNP20171127151840.0171127b 1934 sp a|| 00| 0 spa d aBPMSUbspacBPMSU axxxxxbxxxxx1 aLlano, Alberto1 aCompendio de historia universal /cAlbero Llano aBarcelona :bI. G. Seix y Barral Hnos.,c1934. a112 p. :bil. ;c17 cm.